000 00291nam a22001337a 4500
008 170928b xxu||||| |||| 00| 0 eng d
020 _a9781575420547
041 _aeng
080 _a37
100 _a47
101 _aEDU
245 _aBULLY FREE CLASSROOM
_cBEANE.A.L
942 _2udc
_cBK
999 _c30444
_d30444